[Event "DEM U12w 2019"]
[Site "Willingen GER"]
[Date "2019.06.12"]
[Round "5"]
[White "Zhou, Lepu Coco"]
[Black "Sereda, Yaroslava"]
[Result "1-0"]
[Termination "normal"]
[Board "1"]
[WhiteElo "1724"]
[BlackElo "1626"]
[WhiteClock "01:12:34"]
[BlackClock "00:00:40"]
[PlyCount "167"]
[WhiteFideId "16217136"]
[BlackFideId "14178940"]
[EventCountry "GER"]
[EventRounds "9"]
[EventType "swiss"]
[EventDate "2019.06.08"]

1. e4 {[%clk 1:30:57]} 1... c5 {[%clk 1:30:39]} 2. Nf3 {[%clk 1:31:20]} 2...
Nc6 {[%clk 1:31:00]} 3. d4 {[%clk 1:31:40]} 3... cxd4 {[%clk 1:31:04]} 4. Nxd4
{[%clk 1:31:58]} 4... g6 {[%clk 1:31:19]} 5. c4 {[%clk 1:32:19]} 5... Bg7 {
[%clk 1:31:41]} 6. Be3 {[%clk 1:32:41]} 6... Nf6 {[%clk 1:31:59]} 7. Nc3 {
[%clk 1:33:02]} 7... Ng4 {[%clk 1:31:37]} 8. Nxc6 {[%clk 1:26:10]} 8... Nxe3 {
[%clk 1:31:20]} 9. Nxd8 {[%clk 1:25:37]} 9... Nxd1 {[%clk 1:31:16]} 10. Rxd1 {
[%clk 1:25:47]} 10... Bxc3+ {[%clk 1:31:16]} 11. bxc3 {[%clk 1:26:08]} 11...
Kxd8 {[%clk 1:31:38]} 12. c5 {[%clk 1:25:41]} 12... b6 {[%clk 1:30:12]} 13. c6
{[%clk 1:24:43]} 13... Kc7 {[%clk 1:29:31]} 14. cxd7 {[%clk 1:24:08]} 14...
Bxd7 {[%clk 1:29:55]} 15. Bc4 {[%clk 1:23:55]} 15... e6 {[%clk 1:29:34]} 16.
O-O {[%clk 1:22:05]} 16... Bc6 {[%clk 1:25:32]} 17. f3 {[%clk 1:20:56]} 17...
Rhd8 {[%clk 1:23:20]} 18. Kf2 {[%clk 1:20:22]} 18... Rac8 {[%clk 1:13:23]} 19.
Rd4 {[%clk 1:17:40]} 19... Kb7 {[%clk 1:05:52]} 20. Bb3 {[%clk 1:10:59]} 20...
Rd7 {[%clk 0:57:22]} 21. Rfd1 {[%clk 1:10:36]} 21... Rcd8 {[%clk 0:56:47]} 22.
Kg3 {[%clk 1:09:49]} 22... Kc7 {[%clk 0:13:35]} 23. Kf4 {[%clk 1:08:00]} 23...
Re8 {[%clk 0:09:37]} 24. Rxd7+ {[%clk 1:08:12]} 24... Bxd7 {[%clk 0:09:37]} 25.
Kg5 {[%clk 1:08:28]} 25... f5 {[%clk 0:07:44]} 26. e5 {[%clk 1:07:02]} 26...
Rf8 {[%clk 0:03:10]} 27. Rd6 {[%clk 1:06:38]} 27... f4 {[%clk 0:02:09]} 28.
Bxe6 {[%clk 1:03:48]} 28... Bxe6 {[%clk 0:02:25]} 29. Rxe6 {[%clk 1:04:09]}
29... Rf5+ {[%clk 0:02:36]} 30. Kg4 {[%clk 1:03:29]} 30... Kd7 {[%clk 0:02:04]}
31. Rd6+ {[%clk 1:03:09]} 31... Ke7 {[%clk 0:01:42]} 32. Rd4 {[%clk 1:02:29]}
32... Rxe5 {[%clk 0:00:55]} 33. Re4 {[%clk 1:02:48]} 33... Kd6 {[%clk 0:00:54]}
34. Kxf4 {[%clk 1:02:36]} 34... Ra5 {[%clk 0:00:56]} 35. Re2 {[%clk 1:02:27]}
35... Rc5 {[%clk 0:01:11]} 36. Rc2 {[%clk 1:01:45]} 36... b5 {[%clk 0:01:14]}
37. Ke4 {[%clk 1:01:21]} 37... a5 {[%clk 0:00:45]} 38. Kd3 {[%clk 1:01:06]}
38... Rh5 {[%clk 0:00:41]} 39. h3 {[%clk 1:00:50]} 39... Rd5+ {[%clk 0:00:56]}
40. Ke2 {[%clk 1:00:58]} 40... Re5+ {[%clk 0:00:51]} 41. Kd1 {[%clk 1:01:11]}
41... Rc5 {[%clk 0:00:56]} 42. Kc1 {[%clk 0:58:42]} 42... Ke5 {[%clk 0:28:22]}
43. g3 {[%clk 1:27:23]} 43... g5 {[%clk 0:27:17]} 44. Kb2 {[%clk 1:27:11]}
44... h5 {[%clk 0:24:37]} 45. Re2+ {[%clk 1:27:13]} 45... Kf6 {[%clk 0:13:55]}
46. Re8 {[%clk 1:25:32]} 46... Kf7 {[%clk 0:10:54]} 47. Re4 {[%clk 1:24:34]}
47... Kf6 {[%clk 0:07:37]} 48. Kb3 {[%clk 1:23:56]} 48... Rd5 {[%clk 0:05:46]}
49. Re3 {[%clk 1:22:37]} 49... Kf5 {[%clk 0:04:15]} 50. c4 {[%clk 1:22:48]}
50... bxc4+ {[%clk 0:04:26]} 51. Kxc4 {[%clk 1:23:11]} 51... Rd2 { [%clk
0:03:16]} 52. Ra3 {[%clk 1:23:05]} 52... Rc2+ {[%clk 0:02:25]} 53. Kd4 { [%clk
1:22:32]} 53... Rd2+ {[%clk 0:02:30]} 54. Ke3 {[%clk 1:21:11]} 54... Rd5 {[%clk
0:02:33]} 55. Ra4 {[%clk 1:20:38]} 55... Rb5 {[%clk 0:01:23]} 56. h4 { [%clk
1:19:19]} 56... gxh4 {[%clk 0:00:38]} 57. Rxh4 {[%clk 1:19:37]} 57... Kg6
{[%clk 0:00:39]} 58. g4 {[%clk 1:18:09]} 58... hxg4 {[%clk 0:00:46]} 59. Rxg4+
{[%clk 1:18:34]} 59... Kf5 {[%clk 0:01:01]} 60. Ra4 {[%clk 1:17:40]} 60... Re5+
{[%clk 0:00:49]} 61. Kd3 {[%clk 1:17:36]} 61... Rd5+ {[%clk 0:00:48]} 62. Rd4 {
[%clk 1:17:43]} 62... Rc5 {[%clk 0:00:57]} 63. f4 {[%clk 1:17:10]} 63... Rb5 {
[%clk 0:00:48]} 64. Ra4 {[%clk 1:16:24]} 64... Kf6 {[%clk 0:00:42]} 65. Rc4 {
[%clk 1:14:37]} 65... Kf5 {[%clk 0:00:41]} 66. Ke3 {[%clk 1:14:40]} 66... Rd5 {
[%clk 0:00:38]} 67. a4 {[%clk 1:14:22]} 67... Kf6 {[%clk 0:00:47]} 68. Ke4 {
[%clk 1:14:36]} 68... Rh5 {[%clk 0:00:39]} 69. Kd4 {[%clk 1:12:48]} 69... Rh4 {
[%clk 0:00:37]} 70. Kc5 {[%clk 1:12:27]} 70... Rh5+ {[%clk 0:00:51]} 71. Kb6 {
[%clk 1:12:49]} 71... Rf5 {[%clk 0:01:00]} 72. Rc5 {[%clk 1:12:39]} 72... Rxf4
{[%clk 0:01:23]} 73. Kxa5 {[%clk 1:13:02]} 73... Rf1 {[%clk 0:01:15]} 74. Kb6 {
[%clk 1:13:05]} 74... Rb1+ {[%clk 0:00:53]} 75. Rb5 {[%clk 1:13:25]} 75... Re1
{[%clk 0:00:43]} 76. a5 {[%clk 1:13:35]} 76... Re6+ {[%clk 0:00:53]} 77. Ka7 {
[%clk 1:13:57]} 77... Ke7 {[%clk 0:00:38]} 78. Rb6 {[%clk 1:13:46]} 78... Re5 {
[%clk 0:00:54]} 79. a6 {[%clk 1:14:04]} 79... Kd7 {[%clk 0:00:56]} 80. Kb7 {
[%clk 1:14:20]} 80... Rc5 {[%clk 0:01:02]} 81. a7 {[%clk 1:13:09]} 81... Rc7+ {
[%clk 0:01:11]} 82. Ka6 {[%clk 1:13:17]} 82... Rc8 {[%clk 0:00:52]} 83. Rb8 {
[%clk 1:13:26]} 83... Rc1 {[%clk 0:00:40]} 84. a8=Q {[%clk 1:12:34]} 1-0

[Event "DEM U12w 2019"]
[Site "Willingen GER"]
[Date "2019.06.12"]
[Round "5"]
[White "Pohle, Saskia"]
[Black "Bräutigam, Katerina"]
[Result "0-1"]
[Termination "normal"]
[Board "2"]
[WhiteElo "1819"]
[BlackElo "1697"]
[WhiteClock "00:41:06"]
[BlackClock "00:27:24"]
[PlyCount "90"]
[WhiteFideId "16201604"]
[BlackFideId "16242980"]
[EventCountry "GER"]
[EventRounds "9"]
[EventType "swiss"]
[EventDate "2019.06.08"]

1. e4 {[%clk 1:30:59]} 1... c6 {[%clk 1:30:54]} 2. Nc3 {[%clk 1:31:24]} 2... d5
{[%clk 1:30:47]} 3. Nf3 {[%clk 1:31:43]} 3... d4 {[%clk 1:28:46]} 4. Ne2 {
[%clk 1:31:03]} 4... c5 {[%clk 1:28:48]} 5. d3 {[%clk 1:30:54]} 5... Nc6 {
[%clk 1:27:37]} 6. h3 {[%clk 1:29:12]} 6... e5 {[%clk 1:27:16]} 7. Bd2 { [%clk
1:29:15]} 7... Nf6 {[%clk 1:26:33]} 8. g4 {[%clk 1:29:19]} 8... h6 { [%clk
1:26:12]} 9. Ng3 {[%clk 1:29:10]} 9... Be6 {[%clk 1:23:57]} 10. Qe2 { [%clk
1:27:51]} 10... b5 {[%clk 1:08:04]} 11. Bg2 {[%clk 1:21:51]} 11... Qc7 { [%clk
0:59:25]} 12. a3 {[%clk 1:17:55]} 12... c4 {[%clk 0:55:25]} 13. O-O { [%clk
1:16:03]} 13... g6 {[%clk 0:49:33]} 14. a4 {[%clk 1:10:27]} 14... Qb7 { [%clk
0:43:24]} 15. axb5 {[%clk 1:03:55]} 15... Qxb5 {[%clk 0:43:39]} 16. Rab1 {[%clk
1:02:39]} 16... cxd3 {[%clk 0:40:50]} 17. cxd3 {[%clk 1:02:59]} 17... Ba2
{[%clk 0:39:29]} 18. Rbc1 {[%clk 1:03:07]} 18... Bg7 {[%clk 0:38:01]} 19. Nh2
{[%clk 1:02:27]} 19... O-O {[%clk 0:36:19]} 20. f4 {[%clk 0:59:17]} 20... exf4
{[%clk 0:33:38]} 21. Bxf4 {[%clk 0:59:30]} 21... g5 {[%clk 0:28:02]} 22. Bd6
{[%clk 0:56:31]} 22... Rfd8 {[%clk 0:27:30]} 23. Nf5 {[%clk 0:55:36]} 23...
Rac8 {[%clk 0:20:15]} 24. Nxg7 {[%clk 0:48:32]} 24... Kxg7 {[%clk 0:15:04]} 25.
e5 {[%clk 0:47:12]} 25... Ne8 {[%clk 0:11:44]} 26. Bc5 {[%clk 0:34:11]} 26...
Nb4 {[%clk 0:06:13]} 27. Bxb4 {[%clk 0:33:30]} 27... Qxb4 {[%clk 0:06:35]} 28.
Nf3 {[%clk 0:30:07]} 28... Rb8 {[%clk 0:03:57]} 29. Rc2 {[%clk 0:23:50]} 29...
Bb3 {[%clk 0:03:32]} 30. Rd2 {[%clk 0:23:42]} 30... Nc7 {[%clk 0:03:28]} 31.
Qf2 {[%clk 0:22:42]} 31... Ne6 {[%clk 0:02:25]} 32. h4 {[%clk 0:18:22]} 32...
Qe7 {[%clk 0:01:22]} 33. h5 {[%clk 0:17:36]} 33... Rbc8 {[%clk 0:01:10]} 34.
Re1 {[%clk 0:16:23]} 34... Qb4 {[%clk 0:01:02]} 35. Nh4 {[%clk 0:15:55]} 35...
gxh4 {[%clk 0:00:47]} 36. Qf6+ {[%clk 0:16:14]} 36... Kg8 {[%clk 0:01:10]} 37.
Rf1 {[%clk 0:15:58]} 37... Ng5 {[%clk 0:00:51]} 38. Rdf2 {[%clk 0:15:35]} 38...
Qf8 {[%clk 0:01:02]} 39. Re2 {[%clk 0:11:52]} 39... Qg7 {[%clk 0:00:54]} 40.
Qe7 {[%clk 0:12:02]} 40... a6 {[%clk 0:00:40]} 41. Bb7 {[%clk 0:11:37]} 41...
Rb8 {[%clk 0:29:16]} 42. Bxa6 {[%clk 0:42:03]} 42... Be6 {[%clk 0:28:49]} 43.
Rg2 {[%clk 0:41:45]} 43... Bd5 {[%clk 0:28:10]} 44. Rc2 {[%clk 0:41:22]} 44...
Nf3+ {[%clk 0:28:09]} 45. Kf2 {[%clk 0:41:06]} 45... Nxe5 {[%clk 0:27:24]} 0-1

[Event "DEM U12w 2019"]
[Site "Willingen GER"]
[Date "2019.06.12"]
[Round "5"]
[White "Roncea, Andreea-Alexandra"]
[Black "Keymer, Cecilia"]
[Result "1/2-1/2"]
[Termination "normal"]
[Board "3"]
[WhiteElo "1558"]
[BlackElo "1511"]
[WhiteClock "00:16:30"]
[BlackClock "00:05:39"]
[PlyCount "75"]
[WhiteFideId "16233115"]
[BlackFideId "16233468"]
[EventCountry "GER"]
[EventRounds "9"]
[EventType "swiss"]
[EventDate "2019.06.08"]

1. e4 {[%clk 1:30:58]} 1... e5 {[%clk 1:30:57]} 2. Nf3 {[%clk 1:31:22]} 2...
Nc6 {[%clk 1:31:21]} 3. Bc4 {[%clk 1:31:46]} 3... Bc5 {[%clk 1:31:45]} 4. d3 {
[%clk 1:32:11]} 4... Nf6 {[%clk 1:31:56]} 5. Bb3 {[%clk 1:32:30]} 5... a6 {
[%clk 1:31:18]} 6. O-O {[%clk 1:32:35]} 6... Ba7 {[%clk 1:30:44]} 7. Nbd2 {
[%clk 1:32:29]} 7... d6 {[%clk 1:30:47]} 8. c3 {[%clk 1:32:30]} 8... h6 { [%clk
1:30:46]} 9. Bc2 {[%clk 1:31:38]} 9... Be6 {[%clk 1:29:04]} 10. a3 { [%clk
1:26:27]} 10... O-O {[%clk 1:25:52]} 11. h3 {[%clk 1:26:03]} 11... Re8 { [%clk
1:22:59]} 12. Re1 {[%clk 1:26:16]} 12... Qd7 {[%clk 1:16:30]} 13. Nf1 { [%clk
1:24:48]} 13... Rad8 {[%clk 1:09:32]} 14. d4 {[%clk 1:23:13]} 14... exd4 {[%clk
1:07:55]} 15. cxd4 {[%clk 1:23:26]} 15... d5 {[%clk 1:05:08]} 16. e5 { [%clk
1:21:39]} 16... Nh7 {[%clk 1:02:40]} 17. Be3 {[%clk 1:19:07]} 17... Bf5 { [%clk
1:00:10]} 18. Bxf5 {[%clk 1:15:55]} 18... Qxf5 {[%clk 1:00:26]} 19. Ng3 { [%clk
1:15:49]} 19... Qd7 {[%clk 0:57:12]} 20. Qd2 {[%clk 1:04:31]} 20... Ne7 { [%clk
0:47:58]} 21. Nh4 {[%clk 0:58:29]} 21... Nf8 {[%clk 0:36:20]} 22. Nh5 { [%clk
0:54:29]} 22... Nf5 {[%clk 0:32:45]} 23. Nxf5 {[%clk 0:53:09]} 23... Qxf5
{[%clk 0:33:05]} 24. g4 {[%clk 0:52:45]} 24... Qg6 {[%clk 0:31:50]} 25. f4 {
[%clk 0:50:12]} 25... f5 {[%clk 0:30:21]} 26. exf6 {[%clk 0:50:10]} 26... gxf6
{[%clk 0:28:19]} 27. f5 {[%clk 0:49:10]} 27... Qf7 {[%clk 0:27:32]} 28. Bxh6 {
[%clk 0:48:17]} 28... Re4 {[%clk 0:25:14]} 29. Be3 {[%clk 0:43:49]} 29... Nh7 {
[%clk 0:24:27]} 30. Ng3 {[%clk 0:42:05]} 30... Ng5 {[%clk 0:18:00]} 31. Qg2 {
[%clk 0:36:32]} 31... Rxe3 {[%clk 0:17:22]} 32. Rxe3 {[%clk 0:35:35]} 32...
Bxd4 {[%clk 0:17:41]} 33. Nf1 {[%clk 0:34:59]} 33... Bxe3+ {[%clk 0:14:31]} 34.
Nxe3 {[%clk 0:32:32]} 34... Ne4 {[%clk 0:12:25]} 35. Re1 {[%clk 0:27:37]} 35...
c6 {[%clk 0:11:24]} 36. h4 {[%clk 0:24:02]} 36... Qg7 {[%clk 0:08:52]} 37. Nc2
{[%clk 0:22:57]} 37... Kf7 {[%clk 0:05:39]} 38. Kh2 {[%clk 0:16:30]} 1/2-1/2

[Event "DEM U12w 2019"]
[Site "Willingen GER"]
[Date "2019.06.12"]
[Round "5"]
[White "Voigt, Anastasia"]
[Black "Wilmink, Anna"]
[Result "0-1"]
[Termination "normal"]
[Board "4"]
[WhiteElo "1447"]
[BlackElo "1466"]
[WhiteClock "00:01:14"]
[BlackClock "00:08:32"]
[PlyCount "70"]
[WhiteFideId "16235223"]
[BlackFideId "16273680"]
[EventCountry "GER"]
[EventRounds "9"]
[EventType "swiss"]
[EventDate "2019.06.08"]

1. e4 {[%clk 1:30:58]} 1... c5 {[%clk 1:30:51]} 2. Nf3 {[%clk 1:31:21]} 2...
Nc6 {[%clk 1:31:08]} 3. d4 {[%clk 1:31:46]} 3... cxd4 {[%clk 1:31:28]} 4. Nxd4
{[%clk 1:32:08]} 4... g6 {[%clk 1:31:48]} 5. Nc3 {[%clk 1:31:24]} 5... Bg7 {
[%clk 1:31:44]} 6. Be3 {[%clk 1:31:16]} 6... Nf6 {[%clk 1:31:51]} 7. f3 { [%clk
1:30:28]} 7... O-O {[%clk 1:31:11]} 8. Qd2 {[%clk 1:29:24]} 8... d5 { [%clk
1:30:13]} 9. Nxc6 {[%clk 1:13:31]} 9... bxc6 {[%clk 1:29:52]} 10. Rd1 { [%clk
1:07:23]} 10... Be6 {[%clk 1:25:21]} 11. e5 {[%clk 1:00:29]} 11... Nd7 { [%clk
1:21:52]} 12. f4 {[%clk 0:59:35]} 12... Nb6 {[%clk 1:18:53]} 13. Be2 { [%clk
0:57:43]} 13... Qc7 {[%clk 1:15:07]} 14. O-O {[%clk 0:57:01]} 14... Rfd8 {[%clk
1:13:26]} 15. Qe1 {[%clk 0:55:28]} 15... Bf5 {[%clk 1:06:03]} 16. Bd3 { [%clk
0:53:10]} 16... d4 {[%clk 1:00:41]} 17. Bxf5 {[%clk 0:53:10]} 17... dxc3 {[%clk
1:00:00]} 18. Be4 {[%clk 0:50:13]} 18... cxb2 {[%clk 0:56:58]} 19. Bd4 { [%clk
0:45:05]} 19... Nc8 {[%clk 0:48:20]} 20. c3 {[%clk 0:37:15]} 20... Rb8 { [%clk
0:41:08]} 21. Qe3 {[%clk 0:33:27]} 21... a5 {[%clk 0:35:29]} 22. Bc2 { [%clk
0:32:17]} 22... a4 {[%clk 0:31:40]} 23. a3 {[%clk 0:27:12]} 23... Nb6 { [%clk
0:28:58]} 24. Bxb6 {[%clk 0:25:13]} 24... Rxb6 {[%clk 0:28:25]} 25. Rb1 { [%clk
0:24:14]} 25... Ra8 {[%clk 0:26:51]} 26. Rf2 {[%clk 0:23:35]} 26... Rab8 {[%clk
0:24:03]} 27. Bxa4 {[%clk 0:17:45]} 27... Ra6 {[%clk 0:21:06]} 28. Bd1 { [%clk
0:17:27]} 28... Rxa3 {[%clk 0:20:12]} 29. Rfxb2 {[%clk 0:17:21]} 29... Rxb2
{[%clk 0:19:59]} 30. Rxb2 {[%clk 0:17:20]} 30... Ra1 {[%clk 0:20:12]} 31. Qd3
{[%clk 0:15:53]} 31... Qa7+ {[%clk 0:18:22]} 32. Kf1 {[%clk 0:15:48]} 32... Qa4
{[%clk 0:15:22]} 33. Ke2 {[%clk 0:05:28]} 33... Qxf4 {[%clk 0:10:53]} 34. Rb8+
{[%clk 0:01:07]} 34... Bf8 {[%clk 0:10:53]} 35. Qg3 {[%clk 0:01:14]} 35... Ra2+
{[%clk 0:08:32]} 0-1

[Event "DEM U12w 2019"]
[Site "Willingen GER"]
[Date "2019.06.12"]
[Round "5"]
[White "Hubert, Charlotte"]
[Black "Peglau, Charis"]
[Result "0-1"]
[Termination "normal"]
[Board "5"]
[WhiteElo "1311"]
[BlackElo "1514"]
[WhiteClock "00:02:40"]
[BlackClock "00:24:00"]
[PlyCount "146"]
[WhiteFideId "16265920"]
[BlackFideId "16219996"]
[EventCountry "GER"]
[EventRounds "9"]
[EventType "swiss"]
[EventDate "2019.06.08"]

1. e4 {[%clk 1:30:58]} 1... e5 {[%clk 1:30:53]} 2. Nf3 {[%clk 1:31:19]} 2...
Nc6 {[%clk 1:31:16]} 3. Nc3 {[%clk 1:31:39]} 3... Nf6 {[%clk 1:31:39]} 4. d4 {
[%clk 1:31:59]} 4... Bb4 {[%clk 1:32:01]} 5. Nxe5 {[%clk 1:31:01]} 5... Qe7 {
[%clk 1:32:20]} 6. Nxc6 {[%clk 1:22:56]} 6... Bxc3+ {[%clk 1:32:33]} 7. bxc3 {
[%clk 1:23:03]} 7... Qxe4+ {[%clk 1:32:54]} 8. Qe2 {[%clk 1:22:51]} 8... dxc6 {
[%clk 1:31:36]} 9. Qxe4+ {[%clk 0:58:05]} 9... Nxe4 {[%clk 1:31:59]} 10. Bb2 {
[%clk 0:56:39]} 10... O-O {[%clk 1:30:49]} 11. Bd3 {[%clk 0:56:29]} 11... Re8 {
[%clk 1:30:08]} 12. O-O {[%clk 0:56:21]} 12... Bd7 {[%clk 1:27:53]} 13. Rfe1 {
[%clk 0:52:54]} 13... Nf6 {[%clk 1:27:41]} 14. Rad1 {[%clk 0:50:50]} 14... Nd5
{[%clk 1:23:52]} 15. Bc4 {[%clk 0:27:56]} 15... Rad8 {[%clk 1:20:51]} 16. Bb3 {
[%clk 0:24:46]} 16... Bg4 {[%clk 1:18:14]} 17. Rb1 {[%clk 0:16:06]} 17... Nf4 {
[%clk 1:16:44]} 18. Kf1 {[%clk 0:12:23]} 18... Be2+ {[%clk 1:16:06]} 19. Kg1 {
[%clk 0:12:44]} 19... Bg4 {[%clk 1:09:28]} 20. Kf1 {[%clk 0:10:44]} 20... h6 {
[%clk 1:07:04]} 21. h3 {[%clk 0:09:54]} 21... Bf5 {[%clk 1:07:14]} 22. Rbd1 {
[%clk 0:07:05]} 22... c5 {[%clk 1:02:19]} 23. Rc1 {[%clk 0:04:35]} 23... c6 {
[%clk 0:54:16]} 24. a3 {[%clk 0:03:16]} 24... Be4 {[%clk 0:50:19]} 25. f3 {
[%clk 0:02:52]} 25... Bf5 {[%clk 0:50:09]} 26. Rcd1 {[%clk 0:01:25]} 26... c4 {
[%clk 0:47:58]} 27. Bxc4 {[%clk 0:01:36]} 27... Bxc2 {[%clk 0:48:17]} 28. Rxe8+
{[%clk 0:01:33]} 28... Rxe8 {[%clk 0:48:40]} 29. Rd2 {[%clk 0:01:35]} 29... Bf5
{[%clk 0:48:54]} 30. Bc1 {[%clk 0:00:55]} 30... Be6 {[%clk 0:47:28]} 31. Bxe6 {
[%clk 0:00:52]} 31... Rxe6 {[%clk 0:47:38]} 32. Rd1 {[%clk 0:01:00]} 32... Nd5
{[%clk 0:47:42]} 33. c4 {[%clk 0:00:51]} 33... Nb6 {[%clk 0:47:57]} 34. c5 {
[%clk 0:00:59]} 34... Nd5 {[%clk 0:46:48]} 35. Re1 {[%clk 0:01:14]} 35... Rxe1+
{[%clk 0:45:17]} 36. Kxe1 {[%clk 0:01:39]} 36... Kf8 {[%clk 0:45:32]} 37. Ke2 {
[%clk 0:01:48]} 37... Ke7 {[%clk 0:45:54]} 38. Kd3 {[%clk 0:02:01]} 38... Ke6 {
[%clk 0:46:02]} 39. Ke4 {[%clk 0:01:16]} 39... Kf6 {[%clk 0:44:55]} 40. h4 {
[%clk 0:00:40]} 40... Ke6 {[%clk 0:43:43]} 41. Bd2 {[%clk 0:26:02]} 41... Nf6+
{[%clk 1:12:51]} 42. Kd3 {[%clk 0:25:24]} 42... Kd5 {[%clk 1:12:33]} 43. Bc1 {
[%clk 0:21:14]} 43... b6 {[%clk 1:09:30]} 44. cxb6 {[%clk 0:20:20]} 44... axb6
{[%clk 1:09:52]} 45. Bd2 {[%clk 0:14:49]} 45... b5 {[%clk 1:03:46]} 46. Bc1 {
[%clk 0:05:51]} 46... Nd7 {[%clk 1:02:58]} 47. Bb2 {[%clk 0:05:12]} 47... Nb6 {
[%clk 0:59:38]} 48. Bc1 {[%clk 0:03:54]} 48... Na4 {[%clk 0:57:47]} 49. g3 {
[%clk 0:02:26]} 49... h5 {[%clk 0:56:13]} 50. g4 {[%clk 0:02:04]} 50... g6 {
[%clk 0:56:39]} 51. g5 {[%clk 0:01:43]} 51... Nb6 {[%clk 0:55:51]} 52. Bf4 {
[%clk 0:01:05]} 52... Nc4 {[%clk 0:54:16]} 53. Bc1 {[%clk 0:01:26]} 53... Nd6 {
[%clk 0:54:15]} 54. Be3 {[%clk 0:01:31]} 54... Nb7 {[%clk 0:48:48]} 55. Bf2 {
[%clk 0:01:23]} 55... Ke6 {[%clk 0:45:20]} 56. Be3 {[%clk 0:00:58]} 56... Nd6 {
[%clk 0:45:16]} 57. Ke2 {[%clk 0:00:59]} 57... Nb7 {[%clk 0:43:29]} 58. Kd3 {
[%clk 0:01:13]} 58... Nd6 {[%clk 0:43:13]} 59. Ke2 {[%clk 0:01:29]} 59... Nc8 {
[%clk 0:43:27]} 60. Kd3 {[%clk 0:01:48]} 60... Kf5 {[%clk 0:43:39]} 61. Ke2 {
[%clk 0:01:51]} 61... Nb6 {[%clk 0:43:47]} 62. Kd3 {[%clk 0:02:00]} 62... Nd5 {
[%clk 0:44:03]} 63. Bc1 {[%clk 0:02:15]} 63... Nf4+ {[%clk 0:38:00]} 64. Ke3 {
[%clk 0:02:33]} 64... Ng2+ {[%clk 0:38:16]} 65. Kf2 {[%clk 0:02:50]} 65... Nf4
{[%clk 0:37:32]} 66. Ke3 {[%clk 0:02:44]} 66... Nd5+ {[%clk 0:35:43]} 67. Kd3 {
[%clk 0:02:40]} 67... f6 {[%clk 0:35:36]} 68. Bd2 {[%clk 0:01:49]} 68... fxg5 {
[%clk 0:33:16]} 69. Bxg5 {[%clk 0:02:12]} 69... Nc7 {[%clk 0:29:32]} 70. Ke3 {
[%clk 0:01:39]} 70... Ne6 {[%clk 0:29:49]} 71. f4 {[%clk 0:01:55]} 71... Nxg5 {
[%clk 0:25:20]} 72. hxg5 {[%clk 0:02:18]} 72... h4 {[%clk 0:24:00]} 73. Kf3 {
[%clk 0:02:40]} 73... h3 0-1

[Event "DEM U12w 2019"]
[Site "Willingen GER"]
[Date "2019.06.12"]
[Round "5"]
[White "Ding, Tina"]
[Black "Fischer, Darja"]
[Result "0-1"]
[Termination "normal"]
[Board "6"]
[WhiteElo "1180"]
[BlackElo "1480"]
[WhiteClock "00:34:08"]
[BlackClock "00:04:14"]
[PlyCount "88"]
[WhiteFideId "16286987"]
[BlackFideId "16240898"]
[EventCountry "GER"]
[EventRounds "9"]
[EventType "swiss"]
[EventDate "2019.06.08"]

1. e4 {[%clk 1:30:59]} 1... c5 {[%clk 1:30:52]} 2. c4 {[%clk 1:31:19]} 2... Nc6
{[%clk 1:29:09]} 3. Nc3 {[%clk 1:31:23]} 3... d6 {[%clk 1:23:33]} 4. g3 { [%clk
1:31:04]} 4... Nf6 {[%clk 1:20:55]} 5. d3 {[%clk 1:30:44]} 5... g6 { [%clk
1:15:46]} 6. Bg2 {[%clk 1:30:12]} 6... Bg7 {[%clk 1:14:44]} 7. Nge2 { [%clk
1:30:04]} 7... O-O {[%clk 1:11:38]} 8. O-O {[%clk 1:30:09]} 8... Rb8 { [%clk
1:03:28]} 9. Rb1 {[%clk 1:22:36]} 9... b6 {[%clk 1:02:12]} 10. Bf4 { [%clk
1:19:35]} 10... Bb7 {[%clk 1:00:38]} 11. a3 {[%clk 1:18:32]} 11... Nd7 { [%clk
0:55:44]} 12. Qd2 {[%clk 1:17:31]} 12... Nde5 {[%clk 0:52:09]} 13. b4 { [%clk
1:16:16]} 13... Qd7 {[%clk 0:48:23]} 14. b5 {[%clk 1:12:37]} 14... Nd8 { [%clk
0:44:50]} 15. Bh6 {[%clk 1:08:36]} 15... f5 {[%clk 0:38:44]} 16. Bxg7 { [%clk
1:06:34]} 16... Kxg7 {[%clk 0:38:49]} 17. h3 {[%clk 1:04:34]} 17... fxe4 {[%clk
0:38:07]} 18. Nxe4 {[%clk 1:01:01]} 18... Bxe4 {[%clk 0:30:38]} 19. dxe4 {[%clk
1:01:04]} 19... Nf3+ {[%clk 0:28:46]} 20. Bxf3 {[%clk 1:00:55]} 20... Rxf3
{[%clk 0:26:34]} 21. Qb2+ {[%clk 1:00:22]} 21... e5 {[%clk 0:24:07]} 22. Kg2
{[%clk 0:59:26]} 22... Rf6 {[%clk 0:20:12]} 23. f4 {[%clk 0:58:13]} 23... Nf7
{[%clk 0:18:55]} 24. Rbd1 {[%clk 0:54:49]} 24... Qe6 {[%clk 0:17:28]} 25. g4
{[%clk 0:52:42]} 25... Qxc4 {[%clk 0:15:30]} 26. Ng3 {[%clk 0:49:39]} 26... Kg8
{[%clk 0:12:24]} 27. fxe5 {[%clk 0:47:53]} 27... Rxf1 {[%clk 0:12:13]} 28. Rxf1
{[%clk 0:47:49]} 28... dxe5 {[%clk 0:11:38]} 29. Rd1 {[%clk 0:46:20]} 29... Qe6
{[%clk 0:10:09]} 30. Rd5 {[%clk 0:42:45]} 30... Rd8 {[%clk 0:09:04]} 31. Rxd8+
{[%clk 0:42:12]} 31... Nxd8 {[%clk 0:09:31]} 32. Kf3 {[%clk 0:42:08]} 32... Nf7
{[%clk 0:08:55]} 33. h4 {[%clk 0:41:47]} 33... Qc4 {[%clk 0:08:43]} 34. Ne2
{[%clk 0:41:07]} 34... Qd3+ {[%clk 0:08:38]} 35. Kf2 {[%clk 0:40:58]} 35...
Qxe4 {[%clk 0:08:43]} 36. Kg3 {[%clk 0:40:52]} 36... c4 {[%clk 0:07:32]} 37.
Nc3 {[%clk 0:39:01]} 37... Qd3+ {[%clk 0:07:23]} 38. Kf2 {[%clk 0:38:53]} 38...
Nh6 {[%clk 0:06:27]} 39. g5 {[%clk 0:38:08]} 39... Ng4+ {[%clk 0:06:51]} 40.
Kg2 {[%clk 0:37:49]} 40... Ne3+ {[%clk 0:06:37]} 41. Kf2 {[%clk 0:37:52]} 41...
Qxc3 {[%clk 0:04:20]} 42. Qe2 {[%clk 0:36:14]} 42... Nf5 {[%clk 0:04:15]} 43.
Qg4 {[%clk 0:34:31]} 43... Qd2+ {[%clk 0:03:54]} 44. Kf3 {[%clk 0:34:08]} 44...
Qd1+ {[%clk 0:04:14]} 0-1